000 00424nam a2200181Ia 4500
005 20240823023153.0
008 240823s9999||||xx |||||||||||||| ||und||
041 _aENGLISH
082 _A628.114 P0
100 _a"Nyer,Evan K"
245 0 _aGroundwater Treatment Technology
250 _a1st
260 _c2000
_b"CBS,"
_aNew Delhi
500 _aTRANSFERED
650 _aWater
_bCivil
942 _cBK
999 _c180907
_d180907